00973cam a22002417a 4500003000500000005001700005008004100022010001000063011001000073035001100083040000900094082001600103100004700119245019600166260011000362300002000472650002800492650002300520650002000543700003500563700004300598711009000641CHAP20220817044007.0050215d2001 mx a r 00110 spa d a89571 a90543 a101099 cCHAP04a664.024bR500aRincón Sánchez, Froylánecomp. y ed.10aSemillas transgénicas :bcurso de actualizacion en tecnología de semillasc/comp. y ed. por Froylan Rincón Sánchez, Norma Angélica Ruiz Torres y Víctor Manuel Serrato Castrillón aSaltillo, Coah. :bUniversidad Autónoma Agraria Antonio Narro. Departamento de Fitomejoramiento,c2001. a163 p. :bilus.14aPlantas transgénicas.14aSemillasxCalidad.14aTransgénicos.0 aRuiz Torres, Norma Angélica.0 aSerrato Castrillón, Víctor Manuel.0 aCurso de Actualización en Tecnología de Semillase(10 :d1999 :cSaltillo, Coah.)